[Event "GER-chT Nord-West U20 1112"]
[Site "Germany"]
[Date "2012.05.13"]
[Round "9.2"]
[White "Onken, Alexej"]
[Black "Hinrichs, Jan"]
[Result "0-1"]
[WhiteElo "1742"]
[BlackElo "1902"]
[PlyCount "58"]
[EventDate "2011.09.24"]
[EventType "team-tourn"]
[EventRounds "9"]
[EventCountry "GER"]
[SourceTitle "EXT 2015"]
[Source "ChessBase"]
[SourceDate "2014.11.20"]
[SourceVersion "1"]
[SourceVersionDate "2014.11.20"]
[SourceQuality "1"]

1. e4 c5 2. Nf3 d6 3. d4 cxd4 4. Nxd4 Nf6 5. Nc3 a6 6. f3 e6 7. Be3 b5 8. Qd2 Nbd7 9. 0-0-0 Bb7 10. g4 Nb6 11. Bd3 Rc8 12. Kb1 Nfd7 13. Qf2 Rxc3 14. bxc3 Qc7 15. Ne2 Na4 16. Qe1 Ne5 17. Rf1 d5 18. Bf4 Bd6 19. Ka1 0-0 20. Rb1 Nxd3 21. cxd3 Bxf4 22. Nxf4 Qxf4 23. Rf2 Rc8 24. Rc1 b4 25. exd5 Bxd5 26. c4 Qd4+ 27. Kb1 Qxd3+ 28. Rcc2 Nc3+ 29. Kb2 Nd1+ 0-1

[Event "Hamburg St Pauli op-A"]
[Site "Hamburg"]
[Date "2011.07.15"]
[Round "8"]
[White "Onken, Alexej"]
[Black "Ditmas, Hugh"]
[Result "0-1"]
[WhiteElo "1764"]
[BlackElo "1912"]
[PlyCount "74"]
[EventDate "2011.07.09"]
[EventType "swiss"]
[EventRounds "9"]
[EventCountry "GER"]
[SourceTitle "CBM 143 Extra"]
[Source "ChessBase"]
[SourceDate "2011.08.29"]
[SourceVersion "1"]
[SourceVersionDate "2011.08.29"]
[SourceQuality "1"]

1. e4 c5 2. Nf3 Nc6 3. d4 cxd4 4. Nxd4 Nf6 5. Nc3 e5 6. Ndb5 d6 7. Bg5 a6 8. Na3 b5 9. Nd5 Be7 10. Bxf6 Bxf6 11. c3 Bg5 12. Nc2 0-0 13. a4 bxa4 14. Rxa4 a5 15. Bc4 Rb8 16. b3 Kh8 17. Nce3 g6 18. h4 Bxh4 19. g3 Bg5 20. f4 exf4 21. gxf4 Bh4+ 22. Kd2 Be6 23. Kc1 Bf2 24. Ra2 Bxe3+ 25. Nxe3 Qf6 26. Rah2 Qxc3+ 27. Nc2 Nb4 28. Rxh7+ Kg8 29. Rh8+ Kg7 30. R8h7+ Kf6 31. e5+ dxe5 32. fxe5+ Qxe5 33. Rf1+ Ke7 34. Kb1 Rh8 35. Qf3 Bf5 36. Qxf5 gxf5 37. Re1 Qxe1+ 0-1

[Event "Hamburg St Pauli op-A"]
[Site "Hamburg"]
[Date "2011.07.11"]
[Round "3"]
[White "Kluegel, Jan"]
[Black "Onken, Alexej"]
[Result "0-1"]
[WhiteElo "1942"]
[BlackElo "1764"]
[PlyCount "109"]
[EventDate "2011.07.09"]
[EventType "swiss"]
[EventRounds "9"]
[EventCountry "GER"]
[SourceTitle "CBM 143 Extra"]
[Source "ChessBase"]
[SourceDate "2011.08.29"]
[SourceVersion "1"]
[SourceVersionDate "2011.08.29"]
[SourceQuality "1"]

1. d4 Nf6 2. Nf3 c5 3. e3 e6 4. Bd3 b6 5. 0-0 Bb7 6. Nbd2 Be7 7. b3 0-0 8. Bb2 d6 9. Qe2 a6 10. e4 cxd4 11. Nxd4 Nbd7 12. c4 Nc5 13. Bc2 Qc7 14. f4 Rad8 15. Rae1 e5 16. Nf5 Bc8 17. Nxe7+ Qxe7 18. f5 g6 19. Rf3 Kh8 20. Nf1 Rg8 21. Ng3 Rg7 22. Bc1 g5 23. Rf2 Rdg8 24. Nh5 Nxh5 25. Qxh5 f6 26. Qd1 h6 27. Rd2 Rd8 28. Ba3 Rgg8 29. Re3 a5 30. Rh3 Kh7 31. Qe1 g4 32. Rg3 h5 33. Bd1 Rg7 34. Re3 Rg5 35. Bc1 Bb7 36. Bc2 Bc6 37. Qh4 Kg8 38. Rde2 Qf7 39. Rg3 Rg7 40. h3 gxh3 41. Rxg7+ Qxg7 42. Qxh3 Qf7 43. Qe3 b5 44. Qh6 bxc4 45. Re3 Qg7 46. Qxh5 cxb3 47. Qh4 bxa2 48. Rg3 a1Q 49. Rxg7+ Kxg7 50. Qh6+ Kf7 51. Qg6+ Ke7 52. Qg7+ Ke8 53. Bb3 Qxc1+ 54. Kh2 Nxb3 55. Qg8+ 0-1

[Event "Hamburg St Pauli op-A"]
[Site "Hamburg"]
[Date "2011.07.11"]
[Round "4"]
[White "Onken, Alexej"]
[Black "Kohtz, Andreas"]
[Result "0-1"]
[WhiteElo "1764"]
[BlackElo "2030"]
[PlyCount "48"]
[EventDate "2011.07.09"]
[EventType "swiss"]
[EventRounds "9"]
[EventCountry "GER"]
[SourceTitle "CBM 143 Extra"]
[Source "ChessBase"]
[SourceDate "2011.08.29"]
[SourceVersion "1"]
[SourceVersionDate "2011.08.29"]
[SourceQuality "1"]

1. e4 Nf6 2. e5 Nd5 3. d4 d6 4. Nf3 dxe5 5. Nxe5 g6 6. Bc4 c6 7. 0-0 Bg7 8. Re1 0-0 9. Bb3 Be6 10. c4 Nb6 11. Nc3 Bxe5 12. Rxe5 N8d7 13. Re4 Bxc4 14. Bh6 Nf6 15. Rh4 Bxb3 16. axb3 Re8 17. Qf3 Nbd5 18. Ne4 Nxe4 19. Qxe4 Qd6 20. Re1 Nf6 21. Qe3 Rad8 22. Qh3 e5 23. Bg5 exd4 24. Rd1 Qe5 0-1

[Event "Hamburg-ch U16"]
[Site "Schoenhagen"]
[Date "2009.03.21"]
[Round "9"]
[White "Xin, Ruidi"]
[Black "Onken, Alexej"]
[Result "1-0"]
[WhiteElo "1514"]
[BlackElo "1667"]
[PlyCount "37"]
[EventDate "2009.03.14"]
[EventType "swiss"]
[EventRounds "9"]
[EventCountry "GER"]
[SourceTitle "EXT 2010"]
[Source "ChessBase"]
[SourceDate "2010.11.25"]
[SourceVersion "1"]
[SourceVersionDate "2010.11.25"]
[SourceQuality "1"]

1. e4 c5 2. d4 cxd4 3. c3 Nf6 4. e5 Nd5 5. cxd4 e6 6. Bc4 Nb6 7. Bb3 d6 8. Qe2 Bd7 9. Nf3 Bc6 10. 0-0 Be7 11. Nc3 0-0 12. Rd1 Bxf3 13. Qxf3 d5 14. Qg4 Kh8 15. Rd3 N8d7 16. Rh3 g6 17. Bc2 Rg8 18. Rxh7+ Kxh7 19. Qh5+ 1-0

[Event "Hamburg-ch U16"]
[Site "Schoenhagen"]
[Date "2009.03.14"]
[Round "1"]
[White "Onken, Alexej"]
[Black "Draeger, Daniel"]
[Result "1-0"]
[WhiteElo "1667"]
[BlackElo "1291"]
[PlyCount "63"]
[EventDate "2009.03.14"]
[EventType "swiss"]
[EventRounds "9"]
[EventCountry "GER"]
[SourceTitle "EXT 2010"]
[Source "ChessBase"]
[SourceDate "2010.11.25"]
[SourceVersion "1"]
[SourceVersionDate "2010.11.25"]
[SourceQuality "1"]

1. e4 e5 2. Nf3 Nc6 3. Bb5 a6 4. Bxc6 dxc6 5. 0-0 Bd6 6. d4 Bg4 7. Be3 Bxf3 8. Qxf3 exd4 9. Bxd4 Bxh2+ 10. Kxh2 Qxd4 11. Nc3 Nf6 12. Qg3 0-0 13. Rfe1 Qb6 14. b3 Rad8 15. Na4 Qa5 16. c4 b5 17. e5 Nd7 18. Nb2 Nc5 19. Re3 Ne6 20. Rc3 Rd2 21. Nd1 Rfd8 22. Rcc1 bxc4 23. bxc4 Rxa2 24. Rxa2 Qxa2 25. Ne3 g6 26. f4 Kh8 27. Qh4 Qe2 28. Ng4 Rg8 29. Nf6 Rg7 30. Rb1 Qd2 31. Rb8+ Nd8 32. Ne4 1-0